Responses for Show #8347 - Tuesday, March 2, 2021

Contestants

[<< previous game]

Michele Friedlander, a family law attorney from Encino, California

Jeff Noblitt, a university administrator from Northridge, California

Jon Spurney, a musician and screenwriter originally from New York, New York (whose 1-day cash winnings total $37,201)

[next game >>]

Jeopardy! Round responses

MOUNTAINS
GUITAR TALK
FISH & CHIPS
SPORTS TROPHIES & AWARDS
PRESIDENTIAL BIRTHPLACES
UP RISING
(Mike: Each response is two words; one with "up" and one without.)
    $200 29
Mount Everest

Michele
    $200 5
a neck

Michele
    $200 16
(Jon: What is the fish fillet?)

Filet-O-Fish

Jon
Triple Stumper
    $200 6
belts

Jon
    $200 7
Barack Obama

Jon
    $200 23
set & upset

Triple Stumper
    $1,000 30
Mount Fuji

Michele
    $400 4
frets

Jon
    $400 17
barbecue

Jon
    $400 13
(Michele: Who is Cy Young?)

Jackie Robinson

Michele
Triple Stumper
    $400 8
Bill Clinton

Jeff
    $400 24
(Jon: What is upload?)
(Jeff: What is backup?)

load & upload

JonJeff
Triple Stumper
    $600 15
the (Swiss) Alps

Jon
    $600 3
tuning

Jon
    $600 18
tortilla chips

Jon
    $600 14
the PGA

Jeff
    $600 11
John F. Kennedy

Triple Stumper
    $600 25
stage & upstage

Jon
    $800 10
(Jon: What is Haleakala?)

Kilauea

Jon
Triple Stumper
    $800 2
plectrum

Jon
    $800 19
sour cream

Jon
    $800 21
Notre Dame

Michele
    $800 12
Van Buren

Michele
    $800 26
(Michele: Uh, what is stuck and stuck up?)

pity & uppity

Michele
Triple Stumper
    $1000 9
Mount McKinley (Denali)

Jon
    $1000 1
a capo

Jon
    $1000 20
sea bass

Jeff
    $1000 22
goalie

Michele
    $1000 28
Nixon

Michele
    $1000 27
shot & upshot

Jon

Scores at the first commercial break (after clue 15):

Jon Jeff Michele
$4,000 $1,000 $600

Scores at the end of the Jeopardy! Round:

Jon Jeff Michele
$6,800 $1,600 $3,800

Double Jeopardy! Round responses

COLONY COLLAPSE DISORDER
5-LETTER WORDS
U.S. MUSEUMS
ALTERNATE HISTORY NOVELS
COMPOUNDS
MAKING & REMAKING ROBIN HOOD
    $400 21
Panama

Jeff
    $400 16
a rerun

Jon
    $400 1
nutcrackers

Michele
    $400 6
The Underground Railroad

Michele
    $400 26
boiling point

Jon
    $400 14
bow & arrows

Michele
    $800 22
Roanoke

Michele
    $800 17
(Jon: [Sighs] What is cook?)

fudge

Jon
Triple Stumper
    $800 2
Philadelphia

Michele
    $800 7
(Jon: Who's Francis Drake?)

Philip II

Jon
Triple Stumper
    $800 27
angina

Jon
    $800 13
Little John

Jon
    $1200 23
rubber

Jon
    $1200 18
ovine

Jon
    $1200 3
du Pont

Michele
    $1200 8
Lindbergh

Jeff
    $2,000 28
a preservative

Jon
    $1200 9
Mel Brooks

Jon
    $1600 24
Singapore

Jon
    $1600 19
a geode

Jon
    $1600 4
Kansas City

Michele
    $1600 10
Philip K. Dick

Jeff
    $1600 29
cathode

Triple Stumper
    $1600 11
(Maid) Marian

Jeff
    $2000 25
Nauvoo

Triple Stumper
    $2000 20
an ingot

Jon
    $2000 5
Calder

Jon
    $2,000 15
(Michele: [*]? Who is [*]?)

Martin Luther

Michele
    $2000 30
a fixer (fixing agent)

Jeff
    $2000 12
the Sheriff of Nottingham

Jon

Scores at the end of the Double Jeopardy! Round:

Jon Jeff Michele
$22,400 $8,400 $11,400

[wagering suggestions for these scores]

Final Jeopardy! Round responses

WORLD LEADERS ADDRESS CONGRESS
(Mike: [To Jon] The Israeli prime minister.)
JeffWho is Tony Blair?
$8,000
MicheleWho is Fidel Castro
$11,399
JonWho is Netenyahu?
$401
Benjamin Netanyahu

Final scores:

Jon Jeff Michele
$22,801 $400 $1
2-day champion: $60,002 2nd place: $2,000 3rd place: $1,000

Game dynamics:

Coryat scores:

Jon Jeff Michele
$21,600 $8,400 $10,800
26 R
(including 1 DD),
5 W
8 R,
1 W
15 R
(including 2 DDs),
2 W

Combined Coryat: $40,800

[game clues] [game scores] [suggest correction]

Game tape date: 2021-01-12
The J! Archive is created by fans, for fans. Scraping, republication, monetization, and malicious use prohibited; this site may use cookies and collect identifying information. See terms. The Jeopardy! game show and all elements thereof, including but not limited to copyright and trademark thereto, are the property of Jeopardy Productions, Inc. and are protected under law. This website is not affiliated with, sponsored by, or operated by Jeopardy Productions, Inc. Join the discussion at JBoard.tv.